| 000 | 00759nam a2200229 a 4500 | ||
|---|---|---|---|
| 001 | 000039915 | ||
| 005 | 20201002033815.0 | ||
| 008 | 130729s2001 sp a 000 0 spa d | ||
| 020 | _a8448128184 | ||
| 040 |
_aDO-SdBNP _bspa _cBNPHU |
||
| 082 |
_axxxx _bA238d |
||
| 245 | 0 | 0 |
_aAdministración y dirección / _cEmilio Pablo Díez de Castro...[et. tal.]. |
| 260 |
_aMadrid : _bMcgrawhill, _c2001. |
||
| 300 |
_axvii, 525 p. : _bil. ; _c24 cm. |
||
| 500 | _aIncluye índice analítico | ||
| 504 | _aBibliografía : p. 516 | ||
| 590 | _aInventariado, 2019 /LP | ||
| 700 | 1 |
_aDíez de Castro, Emilio Pablo _966122 |
|
| 700 | 1 |
_aGarcía del Junco, Julio _966123 |
|
| 700 | 1 |
_aMartín Jiménez, Francisca _966124 |
|
| 700 | 1 |
_aPeriáñez Cristóbal, Rafael _966125 |
|
| 999 |
_c39405 _d39405 |
||